000 00309nam a2200133Ia 4500
008 150301s2005 xx 000 0 und d
082 _a648
_bSIN
100 _aSINGH, RK
245 _aORGANISATION OF HOUSEKEEPING MGMT
250 _a1ST
260 _bAMAN PUB. DELHI
_c2005
300 _a305
942 _2ddc
_cBK
999 _c7013
_d7013